000 00296nam a22001337a 4500
008 180921b xxu||||| |||| 00| 0 eng d
020 _a9780471299899
041 _aeng
080 _a331.101
100 _a52
101 _aBNJ
245 _aHuman Resource Management
_cDeCenzo
942 _2udc
_cBK
999 _c48195
_d48195